| 000 | 00982nac a2200313 a 4500 | ||
|---|---|---|---|
| 003 | CO-PeBPM | ||
| 005 | 20260318165318.0 | ||
| 007 | ta | ||
| 008 | 260318s1987 ck |||| |||| 00| 0 spa d | ||
| 020 | _a8470201999 | ||
| 040 |
_aCO-PeBPM _bspa _cCO-PeBPM _erda |
||
| 041 | _aspa | ||
| 082 | 0 | 4 |
_a170 M379r _222 |
| 100 | 1 |
_aMartín Descalzo, J. L. _eautor |
|
| 245 | 1 | 0 |
_aRazones para la alegría _b: (Cuaderno de apuntes II) _c/ José Luis Martín Descalzo |
| 250 | _aSéptima edición | ||
| 264 |
_aMadrid _b : Sociedad de Educación Atenas _c, 1987 |
||
| 300 |
_a231 páginas _c21 centimetros |
||
| 336 |
_2rdacontent _atexto _btxt |
||
| 337 |
_2rdamedia _asin mediación _bn |
||
| 338 |
_2rdacarrier _avolumen _bnc |
||
| 490 | _aBiblioteca Básica del Creyente | ||
| 500 | _aIncluye índice | ||
| 500 | _aContiene datos biográficos del autor | ||
| 650 | 1 | 7 |
_aAlegría _2LEMB |
| 650 | 1 | 7 |
_aFelicidad _2LEMB |
| 650 | 1 | 7 |
_aCrecimiento personal _2LEMB |
| 942 |
_2ddc _n0 _cBK |
||
| 999 |
_c107237 _d107237 |
||